Optimal design of a dry-type natural-draft cooling tower by geometric programming

Gespeichert in:
Bibliographische Detailangaben
1. Verfasser: Ecker, Joseph G.
Weitere Verfasser: Wiebking, R.D
Format: Buch
Sprache:Englisch
Veröffentlicht: Louvain Universite Catholique 1976
Tags: Tag hinzufügen
Keine Tags, Fügen Sie das erste Tag hinzu!

MARC

LEADER 00000nam a2200000 4500
001 0223083
005 20240822101703.1
041 0 |a eng 
044 |a BE 
245 1 0 |a Optimal design of a dry-type natural-draft cooling tower by geometric programming  |c Joseph G. Ecker, R.D. Wiebking 
264 1 |a Louvain  |b Universite Catholique  |c 1976 
300 |a 33 s. 
100 1 |a Ecker, Joseph G. 
700 1 |a Wiebking, R.D.